000 00812nam a2200205Ii 4500
003 JO-AjNU
008 230605s9999||||xx |||||||||||||| ||und||
040 _aJO-AjNU
_bara
_erda
_cJO-AjNU
041 _aara
050 1 4 _aK7152.H5736.1988
100 3 _a خالد ، هشام ,
_eauthor
_913176
245 0 0 _aشرط الجنسية وفقا للنظام العربي لضمان الإستثمار
250 _a(د،ط)
264 3 1 _aالاسكندرية : مؤسسة الشباب ، 1988
300 _a179ص
336 _atext
_btxt
_2rdacontent
337 _aunmediated
_bn
_2rdamedia
338 _avolume
_bnc
_2rdacarrier
650 4 _aالجنسية -- قوانين وتشريعات -- البلاد العربية -- الاستثمار -- قوانين وتشريعات -- البلاد العربية
_913177
999 _aA3210
_c6778
_d6778